000 00730nam a2200169 a 4500
999 _c26963
_d26963
041 _aEnglish
082 _aRS.0829
100 1 _aSapkale, Jagdish Bhagwat
_uShivaji University
_vKolhapur, Maharashtra
245 4 _aThe socio-economic and environmental effect of Chandoli (Warna) Dam and the problem of displaced people :
_bA case study of Warna basin, Maharashtra /
_cJagdish Bhagwat Sapkale
260 _aNew Delhi :
_bIndian Council oF Social Science Research,
_c2016
300 _aix, 218p.
536 _aIndian Council of Social Science Research
650 _aSocial and Economic Aspects
_zIndia
_zMaharashtra
650 _aSocio-economic conditions-Chandoli (Warna) Dam
650 _aEnvironmental effects
942 _2ddc
_cRP